Dokończ tekst #2 (POLSKI RAP) - Statystyki

Ogólne statystyki
  • Ten quiz został rozwiązany 1 429 razy
  • Średni wynik to 3 z 14
Statystyki odpowiedzi
Hint Odpowiedź % Poprawnych
bo chcecie nam zabrać ten czas i te radosne bankiety oddajcie lokale i hajs ___ ___________ ____ nie cenzurujcie poety
79%
taki sam Mati, trochę lepszy wózek, trochę tych szmat droższych
w przeszłości wolałem Air Force'y niż
jakieś Givenchy _ _______ ______ __ ______
i nosiłem zawsze za kostki
41%
twoje przekleństwa są słodkie tak jak soczekwszędzie gwiazdy no i zimno jak w kosmosie ___ ________ ________ _______ _________ coś poczułem przestał działać ibuprofen
37%
bo łatwiej znosi wzrok się, gdy oczy są obce ale ja mam tak samo, _________ ___ ______ obserwuję ich postęp
26%
krąży o mnie wiele legend, kiedyś ja będę legendą póki co przemierzam prerię, ____, __ ___ ___ ____ __ _____ wiem że nic nie jest na pewno
25%
przewidziałem tutaj kiedyś ile quebo będzie wart Kubuś trzymaj przy orderach ___ _______ __ ____ nie pokazuj im kart
23%
jak w Tokyo Drift, tak tu lubią latać a ona tańczy tam __ _____ ___ _____ _____ po linii jak Jurek Dudek
23%
nikt nie jest gorszy, nikt lepszy
w realnym świecie my robimy questy
_______ ___ _____ ___ _____ ________, _____ __
idziemy tam gdzie nas niosą podeszwy wierz mi
16%
później do szóstej głosimy słowa
balkon to nasza ambona
czekoladka leży roztopiona
_ ___ __ _____ ____ ________
u nas na stole kula śniegowa
11%
jedyne co w życiu znałem, to był tylko trap-life wtedy byłem smarkacz, __ _____ _______ _______ Ty serio całkiem zabawna
10%
ale niestety niektórym nie podamy już ręki bo czasami ______ _________ ____________ kreacja człowieka przezwycięży
9%
melanż nas ponosi, dobry vibe a w głośnikach już słychać _____ ____ masno gang
9%
nienawiść do policji wypuszczam z dymemtylko jak robię hajs, działa dopamina na ulicy ______ ____ __ _____ _______ własny brat Ci wbije sztylet
6%
bo wiedzą w ciemno, że rozjebię grę smacznej kawusi __ _______ _ _______ _ _____ _______ na tarasie z jacuzzi w Carlo Colucci
2%
Nie znaleziono quizów pasujących do podanych kryteriów
Rozkład punktacji
Procent ludzi z każdym wynikiem
Percentyl według liczby udzielonych odpowiedzi
Twoja historia wyników
Nie rozwiązałeś tego quizu